Mieszkańcy państw - Statystyki

Ogólne statystyki
  • Ten quiz został rozwiązany 22 razy
    11 od ostatniego zresetowania
  • Średni wynik to 66 z 192
Statystyki odpowiedzi
Hint Odpowiedź % Poprawnych
Albania Albańczyk/Albanka
100%
Algieria Algierczyk/Algierka
89%
Andora Andorczyk/Andorka
89%
Angola Angolijczyk/Angolijka
78%
Armenia Armeńczyk/Armenka
78%
Afganistan Afgańczyk/Afganka
67%
Argentyna Argentyńczyk/Argentynka
67%
Australia Australijczyk/Australijka
67%
Austria Austriak/Austriaczka
67%
Bahamy Bahamczyk/Bahamka
67%
Arabia Saudyjska Saudyjczyk/Saudyjka
67%
Belgia Belg/Belgijka
56%
Białoruś Białorusin/Białorusinka
56%
Bośnia i Hercegowina Bośniak/Bośniaczka
56%
Botswana Botswańczyk/Botswanka
56%
Brazylia Brazylijczyk/Brazylijka
56%
Stany Zjednoczone Amerykanin/Amerykanka
44%
Azerbejdżan Azerbejdżanin/Azerbejdżanka
44%
Benin Benińczyk/Beninka
44%
Bhutan Bhutańczyk/Bhutanka
44%
Bułgaria Bułgar/Bułgarka
44%
Chiny Chińczyk/Chinka
44%
Chorwacja Chorwat/Chorwatka
44%
Cypr Cypryjczyk/Cypryjka
44%
Czarnogóra Czarnogórzec/Czarnogórzanka
44%
Czechy Czech/Czeszka
44%
Dania Duńczyk/Dunka
44%
Egipt Egipcjanin/Egipcjanka
44%
Ekwador Ekwadorczyk/Ekwadorka
44%
Erytrea Erytrejczyk/Erytrejka
44%
Estonia Estończyk/Estonka
44%
Filipiny Filipińczyk/Filipinka
44%
Finlandia Fin/Finka
44%
Francja Francuz/Francuzka
44%
Gabon Gabończyk/Gabonka
44%
Gambia Gambijczyk/Gambijka
44%
Grecja Grek/Greczynka
44%
Gruzja Gruzin/Gruzinka
44%
Gujana Gujańczyk/Gujanka
44%
Gwatemala Gwatemalczyk/Gwatemalka
44%
Gwinea | Gwinea Bissau | Gwinea Równikowa Gwinejczyk/Gwinejka
44%
Indie Hindus/Hinduska
44%
Hiszpania Hiszpan/Hiszpanka
44%
Holandia Holender/Holenderka
44%
Indonezja Indonezyjczyk/Indonezyjka
44%
Iran Irańczyk/Iranka
44%
Jamajka Jamajczyk/Jamajka
44%
Japonia Japończyk/Japonka
44%
Jemen Jemeńczyk/Jemenka
44%
Jordania Jordańczyk/Jordanka
44%
Kamerun Kameruńczyk/Kamerunka
44%
Kanada Kanadyjczyk/Kanadyjka
44%
Katar Katarczyk/Katarka
44%
Kazachstan Kazach/Kazaszka
44%
Kenia Kenijczyk/Kenijka
44%
Kolumbia Kolumbijczyk/Kolumbijka
44%
Korea Południowa | Korea Północna Koreańczyk/Koreanka
44%
Kuba Kubańczyk/Kubanka
44%
Liban Libańczyk/Libanka
44%
Libia Libijczyk/Libijka
44%
Macedonia Północna Macedończyk/Macedonka
44%
Malawi Malawijczyk/Malawijka
44%
Mali Malijczyk/Malijka
44%
Malta Maltańczyk/Maltanka
44%
Meksyk Meksykanin/Meksykanka
44%
Mołdawia Mołdawianin/Mołdawianka
44%
Monako Monakijczyk/Monakijka
44%
Mongolia Mongoł/Mongołka
44%
Namibia Namibijczyk/Namibijka
44%
Niemcy Niemiec/Niemka
44%
Norwegia Norweg/Norweżka
44%
Nowa Zelandia Nowozelandczyk/Nowozelandka
44%
Oman Omańczyk/Omanka
44%
Pakistan Pakistańczyk/Pakistanka
44%
Panama Panamczyk/Panamka
44%
Paragwaj Paragwajczyk/Paragwajka
44%
Polska Polak/Polka
44%
Portugalia Portugalczyk/Portugalka
44%
Rosja Rosjanin/Rosjanka
44%
Rumunia Rumun/Rumunka
44%
Serbia Serb/Serbka
44%
Słowacja Słowak/Słowaczka
44%
Słowenia Słoweniec/Słowenka
44%
Szwajcaria Szwajcar/Szwajcarka
44%
Szwecja Szwed/Szwedka
44%
Turcja Turek/Turczynka
44%
Ukraina Ukrainiec/Ukrainka
44%
Uzbekistan Uzbek/Uzbeczka
44%
Włochy Włoch/Włoszka
44%
Boliwia Boliwijczyk/Boliwijka
33%
Brunei Brunejczyk/Brunejka
33%
Wielka Brytania Brytyjczyk/Brytyjka
33%
Burundi Burundyjczyk/Burundyjka
33%
Chile Chilijczyk/Chilijka
33%
Dominikana Dominikańczyk/Dominikanka
33%
Dominika Dominikanin/Dominikanka
33%
Ghana Ghańczyk/Ghanka
33%
Grenada Grenadyjczyk/Grenadyjka
33%
Irak Irakijczyk/Irakijka
33%
Irlandia Irlandczyk/Irlandka
33%
Islandia Islandczyk/Islandka
33%
Wybrzeże Kości Słoniowej Iworyjczyk/Iworyjka
33%
Izrael Izraelczyk/Izraelka
33%
Kambodża Kambodżanin/Kambodżanka
33%
Demokratyczna Republika Konga | Kongo Kongijczyk/Kongijka
33%
Kosowo Kosowianin
33%
Kostaryka Kostarykanin/Kostarykanka
33%
Kuwejt Kuwejtczyk/Kuwejtka
33%
Litwa Litwin/Litwinka
33%
Łotwa Łotysz/Łotyszka
33%
Malezja Malezyjczyk/Malezyjka
33%
Maroko Marokańczyk/Marokanka
33%
Mauretania Mauretańczyk/Mauretanka
33%
Mikronezja Mikronezyjczyk/Mikronezyjka
33%
Mozambik Mozambijczyk/Mozambijka
33%
Nepal Nepalczyk/Nepalka
33%
Niger Nigerczyk/Nigerka
33%
Peru Peruwiańczyk/Peruwianka
33%
Senegal Senegalczyk/Senegalka
33%
Singapur Singapurczyk/Singapurka
33%
Sudan | Sudan Południowy Sudańczyk/Sudanka
33%
Surinam Surinamczyk/Surinamka
33%
Tadżykistan Tadżyk/Tadżyczka
33%
Tajlandia Tajlandczyk/Tajlandka
33%
Tanzania Tanzańczyk/Tanzanka
33%
Tunezja Tunezyjczyk/Tunezyjka
33%
Turkmenistan Turkmen/Turkmenka
33%
Urugwaj Urugwajczyk/Urugwajka
33%
Watykan Watykańczyk/Watykanka
33%
Węgry Węgier/Węgierka
33%
Wenezuela Wenezuelczyk/Wenezuelka
33%
Wietnam Wietnamczyk/Wietnamka
33%
Zambia Zambijczyk/Zambijka
33%
Burkina Faso Burkińczyk/Burkinka
22%
Czad Czadyjczyk/Czadyjka
22%
Dżibuti Dżibutyjczyk/Dżibutyjka
22%
Etiopia Etiopczyk/Etiopka
22%
Haiti Haitańczyk/Haitanka
22%
Honduras Honduranin/Honduranka
22%
Komory Komoryjczyk/Komoryjka
22%
Liberia Liberyjczyk/Liberyjka
22%
Luksemburg Luksemburczyk/Luksemburka
22%
Madagaskar Madagaskarczyk/Madagaskarka
22%
Nigeria Nigeryjczyk/Nigeryjka
22%
Wyspy Salomona Salomończyk/Salomonka
22%
San Marino Sanmaryńczyk/Sanmarynka
22%
Seszele Seszelczyk/Seszelka
22%
Somalia Somalijczyk/Somalijka
22%
Syria Syryjczyk/Syryjka
22%
Tajwan Tajwańczyk/Tajwanka
22%
Togo Togijczyk/Togijka
22%
Uganda Ugandyjczyk/Ugandyjka
22%
Antigua i Barbuda Antiguańczyk/Antiguanka
11%
Barbados Barbadoszczyk/Barbadoska
11%
Belize Belizeńczyk/Belizenka
11%
Mjanma Birmańczyk/Birmanka
11%
Eswatini Eswatinijczyk/Eswatinijka
11%
Fidżi Fidżyjczyk/Fidżyjka
11%
Republika Zielonego Przylądka Kabowerdeńczyk/Kabowerdenka
11%
Laos Laotańczyk/Laotanka
11%
Malediwy Malediwczyk/Malediwka
11%
Papua-Nowa Gwinea Papuańczyk/Papuanka
11%
Rwanda Rwandyjczyk/Rwandyjka
11%
Samoa Samoańczyk/Samoanka
11%
Sierra Leone Sierraleończyk/Sierraleonka
11%
Republika Środkowoafrykańska Środkowoafrykańczyk/Środkowoafrykanka
11%
Timor Wschodni Timorczyk/Timorka
11%
Tonga Tongijczyk/Tongijka
11%
Trynidad i Tobago Trynidadczyk/Trynidadka
11%
Vanuatu Vanuatczyk/Vanuatka
11%
Bahrajn Bahrańczyk/Bahranka
0%
Bangladesz Banglijczyk/Banglijka
0%
Zjednoczone Emiraty Arabskie Emiratczyk/Emiratka
0%
Kirgistan Kirgiz/Kirgizka
0%
Kiribati Kiribatyjczyk/Kiribatyjka
0%
Sri Lanka Lankijczyk/Lankijka
0%
Liechtenstein Liechtensteińczyk/Liechtensteinka
0%
Mauritius Maurytyjczyk/Maurytyjka
0%
Nauru Nauruańczyk/Nauruanka
0%
Nikaragua Nikaraguańczyk/Nikaraguanka
0%
Palau Palauańczyk/Palauanka
0%
Republika Południowej Afryki Południowoafrykańczyk/Południowoafrykanka
0%
Salwador Sansalwadorczyk/Sansalwadorka
0%
Wyspy Świętego Tomasza i Książęca Saotomejczyk/Saotomejka
0%
Lesotho Sotyjczyk/Sotyjka
0%
Tuvalu Tuwalczyk/Tuwalka
0%
Zimbabwe Zimbabwejczyk/Zimbabwejka
0%
Nie znaleziono quizów pasujących do podanych kryteriów
Rozkład punktacji
Procent ludzi z każdym wynikiem
Percentyl według liczby udzielonych odpowiedzi
Twoja historia wyników
Nie rozwiązałeś tego quizu od ostatniego zresetowania